Zmiznúť z webu je ako zmiznúť z trhu zraniteľným miestom na internete je bezpečnosť

Bibliographic Details
Main Author: Žitňanský, Eduard, 1952-2022 (Author)
Format: Article
Language:Slovak
ISSN:1335-4620
Subjects:

MARC

LEADER 00000nab a2200000 ar4500
001 vtls008996429
003 SK-MaSNL
005 20260303065742.0
008 070606c2006 xo er|p|||||||000 b|slo
015 |a SNBRB2007/06  |2 snkbucl 
038 |a SNKBUCL 
040 |a SNKBUCL  |b slo  |c SNKBUCL  |e AACR2 
041 0 |a slo 
044 |a xo  |c SK 
080 |a 004.738.5.056  |2 2001 
080 |a 004.056  |2 2001 
100 1 |a Žitňanský, Eduard,  |d 1952-2022  |4 aut  |9 110414 
245 1 0 |a Zmiznúť z webu je ako zmiznúť z trhu  |b zraniteľným miestom na internete je bezpečnosť  |c Eduard Žitňanský 
650 0 7 |a internet  |2 snkbucl  |9 1833 
650 0 7 |a elektronická komunikácia  |2 snkbucl  |9 29306 
650 0 7 |a počítačová bezpečnosť  |2 snkbucl  |9 29531 
773 0 |t Profit  |g Č. 22 (2006), s. 70-71  |x 1335-4620 
852 |a SNK  |b KIS3GCP 
999 |c 1752527  |d 1754457